00969cam a2200253 a 45000010008000000030004000080050017000120080041000290100017000700200022000870400018001090430012001270500022001390820019001611000043001802450092002232600048003153000021003635000072003845040064004566100059005206500074005796500062006533033466OSt20210223161117.0950619s1996 miu b 001 0 eng  a 95021487  a0801052742 (pbk.) aDLCcDLCdDLC an-us-il00aBV3775.S68bP961W00a280220bP961W1 aPritchard, G. A.q(Gregory A.),d1957-10aWillow Creek seeker services :bevaluating a new way of doing church /cG.A. Pritchard. aGrand Rapids, Mich. :bBaker Books,cc1996. a330 p. ;c23 cm. aRevision of author's thesis (Ph.D.--Northwestern University, 1994). aIncludes bibliographical references (p. 317-321) and index.20aWillow Creek Community Church (South Barrington, Ill.) 0aEvangelistic workzIllinoiszSouth BarringtonxHistoryy20th century. 0aNon-church-affiliated peoplezIllinoiszSouth Barrington.